Il ne faut jurer de rien
Gardado en:
| Autor Principal: | |
|---|---|
| Formato: | Libro |
| Idioma: | francés |
| Publicado: |
París
Larousse
1936
|
| Edición: | 13a. ed |
| Series: | Classiques Larousse
|
| Subjects: | |
| Tags: |
Engadir etiqueta
Sen Etiquetas, Sexa o primeiro en etiquetar este rexistro!
|
MARC
| LEADER | 00000nam a2200000 a 4500 | ||
|---|---|---|---|
| 001 | UCZ6954 | ||
| 003 | CL-VaPUC | ||
| 008 | 951219e19360000FR |||||||||||||||||fre|d | ||
| 082 | 0 | 4 | |a 842 |b MUS |2 21 |
| 100 | |a Musset, Alfred de |e auteur |9 332833 | ||
| 245 | 1 | 3 | |a Il ne faut jurer de rien |
| 250 | |a 13a. ed | ||
| 300 | |a 64 p | ||
| 942 | |c BK | ||
| 945 | |d 19951219 00:00:00 |a mcarcey | ||
| 260 | |a París |b Larousse |c 1936 | ||
| 650 | 7 | |a DRAMAS FRANCESES |2 CL-VaPUC |9 267189 | |
| 583 | |a last modification |c 19951219 00:00:00 |k Rodrigo Vera | ||
| 490 | 0 | |a Classiques Larousse | |
| 999 | |c 243093 |d 243091 | ||
| 952 | |0 0 |1 0 |4 0 |6 842_000000000000000_MUS_1936 |7 0 |8 A |9 256516 |a BIBEDU |b BIBEDU |d 2019-11-19 |i 3163202 |o 842 MUS 1936 |p 3163202 |r 2019-11-19 |w 2019-11-19 |y BK |k LIT | ||